[Event "Provence-ch access Vitrolles 9798"]
[Site "France"]
[Date "1997.??.??"]
[Round "1"]
[White "Peray, Sebastien"]
[Black "Refalo, JM."]
[Result "1-0"]
[WhiteElo "1990"]
[BlackElo "1780"]
[PlyCount "59"]
[EventDate "1997.??.??"]
[EventType "tourn"]
[EventRounds "9"]
[EventCountry "FRA"]
[SourceTitle "EXT 2005"]
[Source "ChessBase"]
[SourceDate "2004.11.15"]
[SourceVersion "1"]
[SourceVersionDate "2004.11.15"]
[SourceQuality "1"]

1. e4 e6 2. d4 d5 3. Nd2 dxe4 4. Nxe4 Bd7 5. Bd3 Bc6 6. Nf3 Bxe4 7. Bxe4 c6 8. 0-0 Nf6 9. Bd3 Nbd7 10. Re1 Qc7 11. c3 Bd6 12. Qc2 h6 13. Bd2 0-0-0 14. b4 g5 15. h3 g4 16. hxg4 Nxg4 17. Rec1 Bh2+ 18. Kf1 Rdg8 19. Be1 Bf4 20. Rcb1 Be3 21. Ke2 Bf4 22. c4 Ne3 23. fxe3 Rxg2+ 24. Bf2 Bg3 25. Rf1 Rg8 26. Kd1 Bxf2 27. Rxf2 Qg3 28. Ke1 Qxf3 29. Rxf3 Rxc2 30. Bxc2 1-0

[Event "Provence-ch access Vitrolles 9798"]
[Site "France"]
[Date "1997.??.??"]
[Round "2"]
[White "Refalo, JM."]
[Black "Coolen, Olivier"]
[Result "1-0"]
[WhiteElo "1780"]
[BlackElo "1690"]
[PlyCount "59"]
[EventDate "1997.??.??"]
[EventType "tourn"]
[EventRounds "9"]
[EventCountry "FRA"]
[SourceTitle "EXT 2005"]
[Source "ChessBase"]
[SourceDate "2004.11.15"]
[SourceVersion "1"]
[SourceVersionDate "2004.11.15"]
[SourceQuality "1"]

1. e4 g6 2. d4 Bg7 3. Nc3 d6 4. f4 Nd7 5. Nf3 c5 6. Be3 Ngf6 7. dxc5 dxc5 8. Qd2 0-0 9. 0-0-0 Qb6 10. e5 Ng4 11. Nd5 Qd8 12. Bb5 a6 13. Bxd7 Bxd7 14. Bxc5 Bc6 15. Bxe7 Qxd5 16. Qxd5 Bxd5 17. Rxd5 Rfc8 18. Rd7 Ne3 19. Rd2 Rc4 20. g3 Rac8 21. c3 Bf8 22. Bxf8 Kxf8 23. Re1 Nf5 24. Ng5 h6 25. Ne4 R4c6 26. Nf6 b5 27. Red1 b4 28. Rd8+ Rxd8 29. Rxd8+ Ke7 30. Re8# 1-0

[Event "Provence-ch Majeur op 9697"]
[Site "France"]
[Date "1996.??.??"]
[Round "2"]
[White "Refalo, JM."]
[Black "Gouiran, Serge"]
[Result "1/2-1/2"]
[WhiteElo "1800"]
[BlackElo "1630"]
[PlyCount "141"]
[EventDate "1996.??.??"]
[EventType "swiss"]
[EventRounds "7"]
[EventCountry "FRA"]
[SourceTitle "EXT 2005"]
[Source "ChessBase"]
[SourceDate "2004.11.15"]
[SourceVersion "1"]
[SourceVersionDate "2004.11.15"]
[SourceQuality "1"]

1. e4 c5 2. Nf3 d6 3. d4 cxd4 4. Nxd4 Nf6 5. Nc3 g6 6. Be3 Bg7 7. f3 0-0 8. Qd2 Nc6 9. Bc4 Bd7 10. h4 Rc8 11. Bb3 Ne5 12. 0-0-0 Nc4 13. Bxc4 Rxc4 14. h5 Nxh5 15. g4 Nf6 16. Bh6 Bxh6 17. Qxh6 Rxc3 18. bxc3 Qa5 19. Nf5 Bxf5 20. exf5 Qxc3 21. Rd3 Qa1+ 22. Kd2 Qxa2 23. g5 Qa5+ 24. c3 Nh5 25. Rxh5 gxh5 26. f6 exf6 27. gxf6 Qa2+ 28. Ke3 Re8+ 29. Kd4 Qf2+ 30. Kc4 b5+ 31. Kb3 Qg1 32. Rxd6 Qb1+ 33. Ka3 Qg6 34. Qd2 h6 35. Rd8 Rxd8 36. Qxd8+ Kh7 37. Kb4 h4 38. Kxb5 h3 39. Qd6 Qb1+ 40. Kc4 Qf1+ 41. Kb3 Qxf3 42. Qe7 Qh5 43. Qf8 Qg6 44. Qd6 h2 45. Qxh2 Qxf6 46. c4 Qb6+ 47. Kc3 a5 48. Qc2+ Kg7 49. Qg2+ Kf8 50. Qa8+ Ke7 51. Qe4+ Qe6 52. Qb7+ Qd7 53. Qe4+ Qe6 54. Qb7+ Kf8 55. Qb8+ Kg7 56. Qg3+ Qg6 57. Qc7 Qf6+ 58. Kb3 Qf3+ 59. Kc2 Qe4+ 60. Kc3 h5 61. Qg3+ Qg4 62. Qe5+ f6 63. Qe7+ Kg6 64. Qe8+ Kf5 65. Qd7+ Ke5 66. Qd5+ Kf4 67. Qd2+ Kf5 68. Qd7+ Kg6 69. Qe8+ Kh6 70. Qh8+ Kg6 71. Qe8+ 1/2-1/2

[Event "Provence-ch access Meyreuil 9596"]
[Site "France"]
[Date "1995.??.??"]
[Round "2"]
[White "Refalo, JM."]
[Black "Battaglia, Gerard"]
[Result "1-0"]
[WhiteElo "1760"]
[BlackElo "1850"]
[PlyCount "77"]
[EventDate "1995.??.??"]
[EventType "tourn"]
[EventRounds "9"]
[EventCountry "FRA"]
[SourceTitle "EXT 2005"]
[Source "ChessBase"]
[SourceDate "2004.11.15"]
[SourceVersion "1"]
[SourceVersionDate "2004.11.15"]
[SourceQuality "1"]

1. e4 e6 2. d4 d5 3. e5 b6 4. c3 Qd7 5. Nf3 Ba6 6. Bxa6 Nxa6 7. Qd3 Nb8 8. 0-0 c5 9. dxc5 bxc5 10. c4 Nc6 11. Nc3 Nb4 12. Qe2 d4 13. Rd1 Rd8 14. Bg5 Be7 15. Bxe7 Qxe7 16. Ne4 Nh6 17. Nd6+ Kf8 18. a3 Nc6 19. b4 Nxe5 20. Qxe5 Qxd6 21. Qxd6+ Rxd6 22. bxc5 Rc6 23. Ne5 Rc7 24. Rxd4 Ke7 25. Rad1 Rxc5 26. Rd7+ Kf6 27. f4 Ra5 28. g4 g5 29. fxg5+ Kxg5 30. Nxf7+ Nxf7 31. Rxf7 Rxa3 32. Rc1 h5 33. gxh5 Rxh5 34. c5 Kg6 35. Rf2 Ra5 36. c6 Rhc5 37. Rfc2 Rxc2 38. Rxc2 Rg5+ 39. Kh1 1-0

[Event "Provence-ch Majeur op 9495"]
[Site "France"]
[Date "1994.??.??"]
[Round "9"]
[White "Mamert, Robert"]
[Black "Refalo, JM."]
[Result "1-0"]
[WhiteElo "1640"]
[BlackElo "1770"]
[PlyCount "55"]
[EventDate "1994.??.??"]
[EventType "swiss"]
[EventRounds "9"]
[EventCountry "FRA"]
[SourceTitle "EXT 2005"]
[Source "ChessBase"]
[SourceDate "2004.11.15"]
[SourceVersion "1"]
[SourceVersionDate "2004.11.15"]
[SourceQuality "1"]

1. b3 e5 2. Bb2 Nc6 3. e3 Nf6 4. Bb5 d6 5. Ne2 Bd7 6. f4 Be7 7. 0-0 0-0 8. c4 e4 9. Nbc3 a6 10. Bxc6 bxc6 11. Ng3 d5 12. cxd5 cxd5 13. Qc2 c6 14. Na4 Qa5 15. Bd4 c5 16. Nxc5 Rfc8 17. Rfc1 Bxc5 18. Bxc5 Qb5 19. b4 a5 20. a4 Qb7 21. b5 Rc7 22. Qb2 Rac8 23. Bd4 Rxc1+ 24. Rxc1 Rxc1+ 25. Qxc1 Qb8 26. Be5 Qa8 27. Qc7 h6 28. Bxf6 1-0

[Event "Provence-ch access Meyreuil 9394"]
[Site "France"]
[Date "1993.??.??"]
[Round "6"]
[White "Refalo, JM."]
[Black "Gravagna, Pierre"]
[Result "1-0"]
[WhiteElo "1780"]
[BlackElo "1850"]
[PlyCount "82"]
[EventDate "1993.??.??"]
[EventType "tourn"]
[EventRounds "9"]
[EventCountry "FRA"]
[SourceTitle "EXT 2005"]
[Source "ChessBase"]
[SourceDate "2004.11.15"]
[SourceVersion "1"]
[SourceVersionDate "2004.11.15"]
[SourceQuality "1"]

1. e4 c5 2. Nf3 d6 3. d4 cxd4 4. Nxd4 Nf6 5. Nc3 a6 6. Be2 e5 7. Nb3 Be7 8. 0-0 Be6 9. f4 Qc7 10. a4 Nbd7 11. f5 Bc4 12. Be3 Rc8 13. Kh1 0-0 14. a5 b5 15. axb6 Nxb6 16. Na5 d5 17. Bxb6 Qxb6 18. Nxd5 Bxd5 19. exd5 Ne4 20. Nc6 Bf6 21. Qe1 Nd6 22. Rxa6 Qxb2 23. c4 Qc2 24. Qd1 Qxd1 25. Rxd1 Nxf5 26. Bg4 g6 27. Rf1 Ra8 28. Rxa8 Rxa8 29. Bxf5 gxf5 30. g3 e4 31. Kg2 Re8 32. Kf2 e3+ 33. Ke2 Bc3 34. Rxf5 Bd2 35. Re5 Ra8 36. d6 Ra1 37. d7 Re1+ 38. Kd3 Ba5 39. Nxa5 Rd1+ 40. Kxe3 Rxd7 41. Rg5+ Kf8 1-0

[Event "Provence-ch access Meyreuil 9394"]
[Site "France"]
[Date "1993.??.??"]
[Round "2"]
[White "Refalo, JM."]
[Black "Hurtevent, A."]
[Result "1/2-1/2"]
[WhiteElo "1780"]
[BlackElo "1690"]
[PlyCount "32"]
[EventDate "1993.??.??"]
[EventType "tourn"]
[EventRounds "9"]
[EventCountry "FRA"]
[SourceTitle "EXT 2005"]
[Source "ChessBase"]
[SourceDate "2004.11.15"]
[SourceVersion "1"]
[SourceVersionDate "2004.11.15"]
[SourceQuality "1"]

1. e4 e6 2. d4 d5 3. e5 c5 4. c3 Nc6 5. Nf3 Qb6 6. Be2 cxd4 7. cxd4 Nh6 8. Nc3 Nf5 9. Na4 Qa5+ 10. Bd2 Bb4 11. Bc3 b5 12. a3 Bxc3+ 13. Nxc3 b4 14. axb4 Qxb4 15. Bb5 Bd7 16. Bxc6 Bxc6 1/2-1/2

[Event "Provence-chB"]
[Site "Provence"]
[Date "1991.??.??"]
[Round "2"]
[White "Refalo, JM."]
[Black "Madranges, Jean"]
[Result "1-0"]
[WhiteElo "1700"]
[BlackElo "1750"]
[PlyCount "79"]
[EventDate "1991.??.??"]
[EventType "swiss"]
[EventRounds "9"]
[EventCountry "FRA"]
[SourceTitle "EXT 2005"]
[Source "ChessBase"]
[SourceDate "2004.11.15"]
[SourceVersion "1"]
[SourceVersionDate "2004.11.15"]
[SourceQuality "1"]

1. e4 c5 2. Nf3 d6 3. d4 cxd4 4. Nxd4 Nf6 5. Nc3 g6 6. Be3 Bg7 7. f3 0-0 8. Qd2 Nc6 9. Bc4 Bd7 10. 0-0-0 Rc8 11. Bb3 Ne5 12. h4 Nc4 13. Bxc4 Rxc4 14. h5 Nxh5 15. g4 Nf6 16. Bh6 Nxe4 17. Qe3 Rxc3 18. bxc3 Nf6 19. Bxg7 Kxg7 20. Rh2 Rg8 21. Nb3 b6 22. Qd4 Kf8 23. g5 Nh5 24. c4 Qc7 25. Rh4 Be6 26. Re4 Ng3 27. Ree1 Bxc4 28. Qh4 d5 29. Nd4 Nh5 30. Kb1 Qd6 31. Nb3 a5 32. Qd4 a4 33. Nd2 Qb4+ 34. Qb2 Qxb2+ 35. Kxb2 Ba6 36. Nb1 e6 37. Nc3 b5 38. Rd4 Ke7 39. Nxd5+ Kf8 40. Nf6 1-0